| 000 | 00458nam a2200181Ia 4500 | ||
|---|---|---|---|
| 001 | 15791 | ||
| 005 | 20260306170222.0 | ||
| 008 | 260306t1995||||xx |||||||||||||| ||und|| | ||
| 041 | _aESP | ||
| 082 |
_a620.103076 _bJ67 |
||
| 100 |
_aJohnston, R. _eAUT |
||
| 245 | 0 |
_aSolucionario de estática: _bmecánica vectorial para ingenieros |
|
| 260 | _c1995 | ||
| 300 |
_a782 páginas : _c21 cm. |
||
| 650 | _aGEN | ||
| 654 | _aCII | ||
| 942 |
_cLIB _dJUS _fJUS _2ddc _n |
||
| 999 |
_c15791 _d15791 |
||